Rent cap provokes London bias claims (Record no. 69009)
[ view plain ]
| 000 -LEADER | |
|---|---|
| fixed length control field | 00905cam a2200217 4500 |
| 001 - CONTROL NUMBER | |
| control field | WB3746-19 |
| 008 - FIXED-LENGTH DATA ELEMENTS--GENERAL INFORMATION | |
| fixed length control field | 011204n2001 000 0 eng u |
| 035 ## - SYSTEM CONTROL NUMBER | |
| System control number | (Sirsi) u115843 |
| 245 ## - TITLE STATEMENT | |
| Title | Rent cap provokes London bias claims |
| 260 ## - PUBLICATION, DISTRIBUTION, ETC. | |
| Date of publication, distribution, etc. | 2001 |
| 490 ## - SERIES STATEMENT | |
| Series statement | Housing Today |
| Volume/sequential designation | (262) 29 November 2001, 1(2) |
| 520 ## - SUMMARY, ETC. | |
| Summary, etc. | Housing Minister Lord Falconer announces a £100 rent cap concession on social rents for London. This will benefit approximately 15,000 tenants. National Housing Federation welcomed the limit as providing stability but other organisations such as the Chartered Institute of Housing warned the policy could have undesirable effects outside the capital. |
| 590 ## - LOCAL NOTE (RLIN) | |
| Local note | WB |
| 650 ## - SUBJECT ADDED ENTRY--TOPICAL TERM | |
| Topical term or geographic name entry element | RENT CAPPING |
| 650 ## - SUBJECT ADDED ENTRY--TOPICAL TERM | |
| Topical term or geographic name entry element | RENT REFORM |
| 650 ## - SUBJECT ADDED ENTRY--TOPICAL TERM | |
| Topical term or geographic name entry element | NATIONAL HOUSING FEDERATION |
| 650 ## - SUBJECT ADDED ENTRY--TOPICAL TERM | |
| Topical term or geographic name entry element | CIH |
| 650 ## - SUBJECT ADDED ENTRY--TOPICAL TERM | |
| Topical term or geographic name entry element | ORBIT HOUSING ASSOCIATION |
| 690 ## - LOCAL SUBJECT ADDED ENTRY--TOPICAL TERM (OCLC, RLIN) | |
| Topical term or geographic name as entry element | Affordable housing |
| 9 (RLIN) | 6215 |
| 942 ## - ADDED ENTRY ELEMENTS (KOHA) | |
| Suppress in OPAC | 0 |
| Withdrawn status | Lost status | Source of classification or shelving scheme | Damaged status | Not for loan | Home library | Current library | Shelving location | Date acquired | Total Checkouts | Full call number | Barcode | Date last seen | Copy number | Price effective from | Koha item type |
|---|---|---|---|---|---|---|---|---|---|---|---|---|---|---|---|
| Dewey Decimal Classification | London | London | News article | 04/12/2001 | WB3746-19 | 115843-1001 | 06/08/2019 | 1 | 06/08/2019 | News article |